000 00474nam a2200169 a 4500
001 7122
003 CO-ViMGA
008 141112s2004 ck r 000 u spa d
040 _aCO-ViMGA
_bspa
_cCO-ViMGA
082 0 4 _a364.16 B177d
100 1 _aBarrera Dominguez, Humberto
_96223
245 1 0 _aDelitos contra los intereses económicos particulares
260 _aBogotá :
_bJurídica Radar,
_c1986
300 _a404 p
650 1 4 _aDELITOS ECONOMICOS
_96224
942 _2ddc
_cBK
999 _c19087
_d19087